000 00562nam a22002297a 4500
003 UA-OsUOA
001 38729
007 ta
008 20080207b un ||||| |||| 00| 0 ukr d
100 _aCatton B.
090 _a94(73)
942 _cBK
040 _aUA-OsUOA
_beng
_cUA-OsUOA
_dUA-OsUOA
245 _aThe American Heritage Short History of the Civil War
300 _a286 с.
955 _a1
041 _aeng
080 _a94(73)
260 _aNew Yjrk
_c1963
650 7 _a9 Географія. Біографії. Історія
_2UDC
999 _c437254
_d437254